000 00667cab a2200229 4500
001 ABS57794
008 090401t1997 xxu||||| |||| 00| 0 eng d
035 _a(Sirsi) u81278
041 _aeng
100 _aLowe, K.
245 _aStandard bearers
260 _c1997
350 _a0
490 _aProperty Week
_v60(12) 19 September 1997, 32-34(3)
520 _aA look at differing opinions on the value of the government backed international standard for quality assurance, ISO 9000.
650 _aACCREDITATION
650 _aISO 9000
650 _aQUALITY ASSURANCE
690 _aOFFICE SERVICES AND ADMINISTRATION
942 _n0
948 _c06/10/1997
999 _c51216
_d51216